[Event "11. Online Aktivschach WM"]
[Site "Schachcomputer.info"]
[Date "2015.02.13"]
[Round "6.3"]
[White "Revelation II Vancouver"]
[Black "Star Diamond, Novag"]
[Result "0-1"]
[WhiteElo "2332"]
[BlackElo "2180"]
[PlyCount "118"]

1. e4 c6 2. d4 d5 3. Nc3 dxe4 4. Nxe4 Bf5 5. Ng3 Bg6 6. N1e2 Nf6 7. c3 Nbd7 8.
Nf4 e5 9. Nxg6 hxg6 10. Be3 exd4 11. Bxd4 Qe7+ 12. Be2 c5 13. Bxf6 gxf6 14. O-O
O-O-O 15. Qa4 Kb8 16. Rad1 Bh6 17. Bf3 Rhe8 18. Qb5 Ne5 19. Bd5 f5 20. a3 Rd7
21. c4 Red8 22. Rfe1 a6 23. Qb3 f4 24. Ne4 Bg7 25. h3 f5 26. Nc3 Rd6 27. Na4
Qc7 28. f3 Ka7 29. Nc3 Nc6 30. Qc2 Ne7 31. Bf7 Bxc3 32. bxc3 Rxd1 33. Rxd1
Rxd1+ 34. Qxd1 Kb6 35. Qb3+ Ka5 36. h4 Qd7 37. Qb1 b6 38. Qc2 Qd8 39. Qe2 Qd6
40. Be8 Nc6 41. Qc2 Qe6 42. Bxc6 Qxc6 43. h5 gxh5 44. Qxf5 Qh6 45. Qc2 h4 46.
Kf2 h3 47. gxh3 Qxh3 48. Qe4 Qh6 49. Qe8 Qh2+ 50. Ke1 Qg3+ 51. Ke2 Qg2+ 52. Ke1
Qxf3 53. Qb8 Qxc3+ 54. Kf2 Qe3+ 55. Kf1 f3 56. Qh2 Qc1+ 57. Kf2 Qd2+ 58. Kg3
Qd6+ 59. Kh3 Qe6+ 0-1

[Event "11. Online Aktivschach WM"]
[Site "Schachcomputer.info"]
[Date "2015.02.20"]
[Round "6.4"]
[White "Revelation Deep Sjeng 1.8"]
[Black "R30 V2.2, Tasc"]
[Result "1-0"]
[WhiteElo "2321"]
[BlackElo "2369"]
[PlyCount "93"]

1. e4 c6 2. d4 d5 3. Nc3 dxe4 4. Nxe4 Bf5 5. Ng3 Bg6 6. h4 h6 7. Nf3 Nd7 8. h5
Bh7 9. Bd3 Bxd3 10. Qxd3 Qc7 11. Bd2 Ngf6 12. O-O-O e6 13. Ne4 O-O-O 14. g3
Nxe4 15. Qxe4 Be7 16. Kb1 Rhe8 17. Qh7 Bf8 18. Bf4 Qa5 19. Qd3 Be7 20. Rde1 Bg5
21. Bxg5 hxg5 22. g4 f6 23. Re3 e5 24. Qg6 Re7 25. Rhe1 Kb8 26. a3 Ka8 27. dxe5
Nxe5 28. Nxe5 Rxe5 29. Qxg7 Qxe1+ 30. Rxe1 Rxe1+ 31. Ka2 Ree8 32. Qxf6 Rg8 33.
h6 Rdf8 34. h7 Rh8 35. Qg7 a6 36. Kb3 Re8 37. Kc4 Ka7 38. Kc5 Ref8 39. Kd6 Re8
40. Kd7 Ref8 41. Ke7 Rd8 42. Kf6 Kb6 43. Kxg5 Rhe8 44. f4 a5 45. f5 Rf8 46. Kg6
Rfe8 47. f6 1-0

[Event "11. Online Aktivschach WM"]
[Site "Schachcomputer.info"]
[Date "2015.02.24"]
[Round "6.5"]
[White "Risc 2500, Saitek"]
[Black "R30 Gideon, Tasc"]
[Result "0-1"]
[WhiteElo "2241"]
[BlackElo "2313"]
[PlyCount "118"]

1. e4 e5 2. Nf3 Nc6 3. Bb5 a6 4. Ba4 Nf6 5. O-O Nxe4 6. Re1 Nc5 7. Nc3 Be7 8.
Nd5 e4 9. Bxc6 dxc6 10. Nxe7 Qxe7 11. d4 Nd7 12. Bg5 Nf6 13. Qe2 Bf5 14. Nh4
Be6 15. c3 a5 16. Bxf6 Qxf6 17. Qxe4 O-O 18. Nf3 Rfe8 19. Ne5 Bd5 20. Qg4 Rad8
21. b3 Qd6 22. Rad1 Qa3 23. Re2 a4 24. c4 Be6 25. Qe4 axb3 26. Qd3 c5 27. Nf3
cxd4 28. Ng5 g6 29. Nxe6 Rxe6 30. Rxe6 fxe6 31. axb3 Qe7 32. Qe4 c5 33. f4 b6
34. g3 Rd7 35. Qe5 Qd6 36. Qxd6 Rxd6 37. Kf2 Kf7 38. Kf3 Kf6 39. Ke4 h6 40. h4
Rd7 41. Rd3 Ra7 42. g4 Ra1 43. g5+ Kg7 44. gxh6+ Kxh6 45. Kf3 Kh5 46. Rd2 Rb1
47. Re2 Rxb3+ 48. Kf2 Re3 49. Rb2 Kxh4 50. Rxb6 Kg4 51. Rc6 Kxf4 52. Rxc5 e5
53. Rc6 g5 54. c5 Rc3 55. Ke2 e4 56. Rf6+ Ke5 57. Rg6 Kf5 58. Rc6 d3+ 59. Ke3
Rc2 0-1

[Event "11. Online Aktivschach WM"]
[Site "Schachcomputer.info"]
[Date "2015.02.20"]
[Round "6.6"]
[White "Revelation II Lyon"]
[Black "Risc 1MB, Mephisto"]
[Result "1/2-1/2"]
[WhiteElo "2295"]
[BlackElo "2259"]
[PlyCount "55"]

1. d4 d5 2. c4 dxc4 3. Nf3 Nf6 4. e3 e6 5. Bxc4 c5 6. O-O a6 {*} 7. dxc5 Qa5 8.
Nc3 Bxc5 9. Qd3 b5 10. Bb3 Bb7 11. Rd1 Nc6 12. Ne4 Rd8 13. Nxf6+ gxf6 14. Qc2
Rxd1+ 15. Qxd1 Ne5 16. Nxe5 fxe5 17. Bd2 Qd8 18. Rc1 Rg8 19. g3 Bb6 20. Kf1
Qd3+ 21. Ke1 Qe4 22. Qh5 Rg4 23. Bxe6 Qh1+ 24. Ke2 Qf3+ 25. Ke1 Qh1+ 26. Ke2
Qf3+ 27. Kf1 Qh1+ 28. Ke2 1/2-1/2

[Event "11. Online Aktivschach WM"]
[Site "Schachcomputer.info"]
[Date "2015.02.28"]
[Round "6.7"]
[White "Genius 68030, Mephisto"]
[Black "CM 32 MHz Gideon 3.1, Tasc"]
[Result "1-0"]
[WhiteElo "2340"]
[BlackElo "2377"]
[PlyCount "177"]

1. c4 Nf6 2. Nc3 e5 3. Nf3 Nc6 4. g3 Bb4 5. Bg2 O-O 6. O-O e4 7. Ne1 Bxc3 8.
dxc3 h6 9. Nc2 b6 10. Ne3 Bb7 11. Nd5 Ne5 12. b3 Nxd5 13. cxd5 f5 14. c4 d6 15.
Bb2 Qg5 16. Qd4 Rae8 17. Rad1 a5 18. Qc3 Nd7 19. e3 Ne5 20. Qd2 Qh5 21. Bxe5
Rxe5 22. a3 Ree8 23. Qc3 Ba6 24. Rd2 Bb7 25. Ra1 Rf6 26. b4 a4 27. c5 dxc5 28.
bxc5 Qf7 29. Rad1 bxc5 30. Qxc5 Rd8 31. Bf1 Rfd6 32. Bc4 g6 33. Kg2 Kg7 34. Ba2
Kh7 35. Qa7 Rb6 36. d6 Qg7 37. dxc7 Rxd2 38. Rxd2 Qxc7 39. Qxa4 Bc6 40. Qc4 Rb8
41. h4 h5 42. Rd1 Rf8 43. Bb3 Qb7 44. Rd6 Bb5 45. Qe6 Qg7 46. Qd5 Rb8 47. a4
Be8 48. Qe6 Ra8 49. a5 Bb5 50. Qd5 Rb8 51. a6 Be8 52. Rd8 Rxd8 53. Qxd8 Bc6 54.
a7 Bb7 55. Qb8 Bc6 56. Be6 Kh6 57. Bc4 Kh7 58. Qc8 Bb7 59. Bg8+ Kh6 60. Qd8 Qe5
61. Bc4 Qa1 62. Bf7 Qg7 63. Qe8 Qf6 64. Bb3 Qa1 65. Qe7 Qg7 66. Qg5+ Kh7 67.
Qd8 Bc6 68. Qb8 Kh6 69. Kh2 Qb2 70. Bc4 Qb7 71. Qh8+ Qh7 72. Qf6 Bb7 73. Qg5+
Kg7 74. Qd8 Kh6 75. Bg8 Qh8 76. Qg5+ Kg7 77. Qe7+ Kh6 78. Qxb7 Qxg8 79. a8=Q
Qxa8 80. Qxa8 Kg7 81. Qb7+ Kg8 82. Qe7 Kh8 83. Qf7 f4 84. exf4 e3 85. fxe3 g5
86. hxg5 h4 87. g6 hxg3+ 88. Kh3 g2 89. Qf8# 1-0

[Event "11. Online Aktivschach WM"]
[Site "Schachcomputer.info"]
[Date "2015.02.16"]
[Round "6.8"]
[White "CM 14 MHz King 2.54, Tasc"]
[Black "London 68030, Mephisto"]
[Result "1/2-1/2"]
[WhiteElo "2340"]
[BlackElo "2343"]
[PlyCount "107"]

1. e4 e5 2. f4 exf4 3. Nf3 d6 4. d4 g5 5. h4 g4 6. Ng1 Bh6 7. Nc3 c6 8. Qd3 Be6
(8... Qf6) 9. Nge2 Qf6 10. d5 Bd7 11. dxc6 bxc6 12. Bd2 f3 13. Bg5 Bxg5 14.
hxg5 f2+ 15. Kd1 Qe5 16. Qe3 Na6 17. Nd4 Nc5 18. Bc4 g3 19. b4 Nb7 20. Nf3 Bg4
21. Ba6 Nd8 22. Rb1 Ne7 $4 {Schade, der London vergibt mit einem Zug den
Vorteil.} (22... Ne6 $1 23. Bb7 Rb8 24. Bxc6+ Kf8 25. Ne2 Bxf3 26. Qxf3 Ne7 $19
) 23. Ne2 Nd5 $5 {Nochmal daneben gegriffen.} (23... Bxf3 24. Qxf3 Ne6 (24...
Rg8 25. Qxg3 Rxg5 26. Qxf2 Qxe4 $15) 25. Qxg3 Nxg5 26. Qxe5 dxe5 $15) 24. Qd3
Bxf3 25. Qxf3 Nc7 26. Bd3 a5 27. bxa5 Rxa5 28. Nxg3 Rxa2 29. Qxf2 Nce6 30. Nf5
Ra1 31. Kd2 Rxb1 32. Rxb1 Nxg5 33. c3 Nge6 34. Qh4 Nf4 35. Rb8 (35. Rb5 $1 {
wäre cool!} d5 (35... cxb5 $4 36. Bxb5+ {geht Matt.})) 35... Kd7 36. Ra8 Nxd3
37. Kxd3 d5 38. Ra7+ Kc8 39. Ne7+ Kb8 40. Rd7 Qxe4+ 41. Qxe4 dxe4+ 42. Kxe4 Nb7
43. Nxc6+ Kc8 44. Re7 h5 45. Na7+ Kb8 46. Nb5 Nd8 47. Nd6 Rg8 48. Kf3 (48. Re8
Rg4+) 48... Rg6 49. Rd7 Nc6 50. Nxf7 Rg7 51. Ke4 Kc8 52. Rd6 Ne7 53. Ne5 Rxg2
54. Re6 1/2-1/2

[Event "11. Online Aktivschach WM"]
[Site "Schachcomputer.info"]
[Date "2015.02.13"]
[Round "6.9"]
[White "Magellan, Mephisto"]
[Black "Revelation Diablo"]
[Result "1-0"]
[WhiteElo "2236"]
[BlackElo "2059"]
[PlyCount "113"]

1. e4 e5 2. Bc4 Bc5 3. Nf3 d6 4. c3 Qe7 5. O-O Nf6 6. d4 Bb6 7. Bg5 Nc6 8. Bd5
O-O 9. Re1 h6 10. Bh4 Bg4 11. dxe5 dxe5 12. Nbd2 Rfd8 13. Qa4 Bd7 14. Qc2 Bg4
15. Rad1 a6 16. h3 Bh5 17. g4 Bg6 18. Nc4 Qc5 19. b4 Qf8 20. Bxc6 bxc6 21. Rxd8
Qxd8 22. Nfxe5 Qe7 23. Nxg6 fxg6 24. e5 g5 25. Bg3 Nd5 26. a4 Rd8 27. Qb3 Qf7
28. e6 Qf3 29. Nxb6 cxb6 30. b5 axb5 31. axb5 c5 32. e7 Re8 33. Re5 Kh7 34.
Qxd5 Qxd5 35. Rxd5 Rxe7 36. Kg2 Ra7 37. Rd6 Rb7 38. Rc6 Kg8 39. Bc7 c4 40. Rxc4
Kf7 41. Rc6 g6 42. Bxb6 Rb8 43. c4 Ra8 44. Rc7+ Ke6 45. Ba7 h5 46. b6 hxg4 47.
hxg4 Kd6 48. c5+ Kd5 49. b7 Rxa7 50. b8=Q Rxc7 51. Qxc7 Kc4 52. c6 Kb3 53. Qg3+
Kc2 54. c7 Kd1 55. c8=Q Ke1 56. Qcc3+ Ke2 57. Qgf3# 1-0

[Event "11. Online Aktivschach WM"]
[Site "Schachcomputer.info"]
[Date "2015.02.15"]
[Round "6.10"]
[White "London 68000, Mephisto"]
[Black "Milano Pro, Mephisto"]
[Result "0-1"]
[WhiteElo "2166"]
[BlackElo "2160"]
[PlyCount "118"]

1. e4 e5 2. Nf3 Nc6 3. Bb5 a6 4. Ba4 d6 5. Bxc6+ bxc6 6. d4 exd4 7. Nxd4 c5 8.
Ne2 Bb7 9. Nbc3 Nf6 10. f3 Be7 11. O-O O-O 12. Bf4 Rb8 13. Qd3 Re8 14. Rad1 Nd7
15. b3 Bg5 16. Bxg5 Qxg5 17. Nd5 Qd8 18. Ng3 Ne5 19. Qd2 c4 20. Nf5 Bc8 21.
Nde3 cxb3 22. axb3 Bb7 23. Ra1 Nd7 24. Qc3 Nf6 25. Ng4 Re6 26. Rfd1 Rc8 27.
Nxf6+ Rxf6 28. Qb4 Rb8 29. Qc4 Qd7 30. Ra4 Re8 31. Ra2 d5 32. Qc5 c6 33. c4 Qe6
34. Ng3 Qd6 35. Qb6 Qb8 36. b4 Rh6 37. Ra4 Rhe6 38. Raa1 c5 39. Qxc5 Rc8 40.
Qa5 dxc4 41. Qg5 h6 42. Qg4 Rg6 43. Qf5 c3 44. Qd7 c2 45. Rdc1 Rd6 46. Qa4 Qa7+
47. Kh1 Qf2 48. Rf1 Qd2 49. Rfc1 Rd4 50. Nf1 Qxb4 51. Qa2 Qc3 52. Ng3 Rcd8 53.
h4 Rd1+ 54. Kh2 R8d2 55. Kh3 Rxg2 56. Qa3 Qxa3 57. Rxa3 Rxc1 58. Kxg2 Rg1+ 59.
Kh3 c1=Q 0-1

[Event "11. Online Aktivschach WM"]
[Site "Schachcomputer.info"]
[Date "2015.02.16"]
[Round "6.11"]
[White "Atlanta, Mephisto"]
[Black "Atlanta 36 MHz, Mephisto"]
[Result "0-1"]
[WhiteElo "2266"]
[BlackElo "2310"]
[PlyCount "88"]

1. e4 e5 2. Bc4 Nf6 3. d4 exd4 4. Nf3 Nc6 5. O-O Bc5 6. e5 d5 7. exf6 dxc4 8.
Re1+ Be6 9. Ng5 Qd5 10. Nc3 Qf5 11. g4 Qg6 12. Nce4 Bb6 {Buchende Atlanta} 13.
Nxe6 {Buchende Atlanta 36Mhz} fxe6 14. Ng5 O-O-O 15. fxg7 Rhe8 16. Ne4 Ba5 17.
Bd2 c3 18. Bg5 cxb2 19. Rb1 Bxe1 20. Qxe1 Rd7 21. Rxb2 Rxg7 22. h3 e5 23. Qe2
Rf8 24. h4 d3 25. cxd3 Nd4 26. Qd1 h6 27. Qa4 hxg5 28. Qb4 Rd8 29. Qxb7+ Kd7
30. Qd5+ Ke8 31. Qxe5+ Kf8 32. Qc5+ Re7 33. Nxg5 Nf3+ 34. Kg2 Ne1+ 35. Kg1 Nxd3
36. h5 Nxc5 37. hxg6 Kg7 38. Nh3 Kxg6 39. f4 Nd3 40. Rd2 Kf6 41. f5 Re1+ 42.
Kh2 Re4 43. Nf2 Rh8+ 44. Kg3 Nxf2 0-1

[Event "11. Online Aktivschach WM"]
[Site "Schachcomputer.info"]
[Date "2015.02.18"]
[Round "6.12"]
[White "Citrine 30 MHz, Novag"]
[Black "Centurion 40 MHz, Saitek"]
[Result "0-1"]
[WhiteElo "2100"]
[BlackElo "2200"]
[PlyCount "125"]

1. c4 e5 2. Nc3 Nf6 3. Nf3 Nc6 4. g3 Bb4 5. Bg2 O-O 6. O-O e4 7. Ng5 Bxc3 8.
bxc3 Re8 9. Qc2 Qe7 {Buchende schwarz} 10. d3 exd3 11. exd3 Qe2 {Buchende weiss
} 12. Qd2 Qxd2 13. Bxd2 Ne5 14. Bf4 Nxd3 15. Bxc7 Re2 16. Bd8 h6 17. Bxf6 gxf6
18. Ne4 Kg7 19. Nd6 Rb8 20. Bd5 b6 21. Rad1 Nc5 22. Rfe1 Rxe1+ 23. Rxe1 Bb7 24.
Nxb7 Nxb7 25. Re7 Nc5 26. Rxf7+ Kg6 27. Re7 f5 28. f3 a6 29. Kf2 Rf8 30. Kg2 f4
31. g4 Kf6 32. Re2 Na4 33. Bb7 Nc5 34. Be4 Re8 35. h4 Re6 36. Kf2 Nxe4+ 37.
fxe4 Ke5 38. Rd2 Rd6 39. Rd5+ Rxd5 40. exd5 Ke4 41. Ke2 a5 42. Kf2 a4 43. a3 f3
44. g5 hxg5 45. hxg5 Kf5 46. Kxf3 Kxg5 47. Ke4 d6 48. Kd3 Kf4 49. Kd4 Kf3 50.
Kd3 Kf4 51. Kd2 Kf3 52. Kd1 Ke3 53. Kc2 Ke2 54. c5 bxc5 55. c4 Kf3 56. Kd3 Kf4
57. Kc2 Ke4 58. Kc3 Ke3 59. Kc2 Kd4 60. Kd2 Kxc4 61. Kc2 Kxd5 62. Kc3 c4 63.
Kc2 0-1

[Event "11. Online Aktivschach WM"]
[Site "Schachcomputer.info"]
[Date "2015.03.06"]
[Round "7.1"]
[White "R30 Gideon, Tasc"]
[Black "Resurrection Ruffian"]
[Result "1/2-1/2"]
[WhiteElo "2313"]
[BlackElo "2377"]
[PlyCount "108"]

1. c4 Nf6 2. Nf3 b6 3. g3 e6 4. Bg2 Bb7 5. d4 Be7 6. O-O O-O 7. Nc3 Ne4 8. Qc2
Nxc3 9. Qxc3 f5 10. b3 Bf6 11. Bb2 d6 12. Rad1 Qe7 13. e3 Nd7 14. b4 c5 15.
Rfe1 cxb4 16. Qxb4 a5 17. Qb5 Rad8 18. Nd2 Bxg2 19. Kxg2 g6 20. f4 Rc8 21. e4
Bg7 22. Qb3 Rf7 23. Nf3 fxe4 24. Rxe4 Bf6 25. Rde1 a4 26. Qxa4 Nf8 27. Ba3 Qd8
28. Qb3 Kh8 29. R4e2 h6 30. Qb4 Rc6 31. d5 exd5 32. cxd5 Rc5 33. f5 Bc3 34. Bb2
Bxb2 35. Qxb2+ Kh7 36. Nd4 Qa8 37. Kg1 Qxd5 38. Ne6 Nxe6 39. fxg6+ Kxg6 40.
Rxe6+ Kh7 41. Re8 Rg7 42. R8e7 Qg5 43. Qb1+ Rf5 44. R7e2 Rgf7 45. Qxb6 Qf6 46.
Qb1 Qd4+ 47. Kh1 Qd5+ 48. Qe4 Qxe4+ 49. Rxe4 d5 50. Rd4 Rf2 51. a4 Ra2 52. Rxd5
Rxa4 53. Re2 Ra6 54. Kg2 Rfa7 {R.} 1/2-1/2

[Event "11. Online Aktivschach WM"]
[Site "Schachcomputer.info"]
[Date "2015.03.04"]
[Round "7.2"]
[White "Star Diamond, Novag"]
[Black "Elite V11, Fidelity"]
[Result "0-1"]
[WhiteElo "2180"]
[BlackElo "2331"]
[PlyCount "150"]

1. d4 Nf6 2. c4 e6 3. g3 d5 4. Bg2 dxc4 5. Nf3 c5 6. O-O Nc6 7. Qa4 Bd7 8. dxc5
{*} Ne5 {*} 9. Qb4 Nxf3+ 10. Bxf3 Rc8 11. Qxb7 Bxc5 12. Bf4 O-O 13. Nc3 Qb6 14.
Rad1 Bc6 15. Qxb6 axb6 16. Bd6 Bxd6 17. Rxd6 Bxf3 18. exf3 Rb8 19. Rfd1 Rfc8
20. g4 h6 21. Kg2 g5 22. h4 gxh4 23. Kh3 b5 24. a3 b4 25. axb4 Rxb4 26. Rd8+
Rxd8 27. Rxd8+ Kg7 28. Rd2 Nd5 29. Kxh4 Nxc3 30. bxc3 Rb3 31. Rc2 f5 32. Kg3
Kf6 33. Rc1 e5 34. Rc2 Ra3 35. Rc1 Kg6 36. Kh4 Rb3 37. Kg3 Kg5 38. Re1 Kf6 39.
Rc1 Kg6 40. Kh4 Ra3 41. Kg3 h5 42. Kh4 hxg4 43. fxg4 e4 44. Kg3 Kg5 45. gxf5
Kxf5 46. Rc2 Ra6 47. Kg2 Kf4 48. Re2 Rg6+ 49. Kf1 Rd6 50. Ke1 Rd3 51. Rc2 Kf3
52. Rc1 Rd6 53. Rb1 e3 54. fxe3 Kxe3 55. Rb8 Kd3 56. Kd1 Kxc3+ 57. Kc1 Rh6 58.
Kb1 Rh1+ 59. Ka2 Kd3 60. Rf8 Re1 61. Rf3+ Re3 62. Rf4 Re2+ 63. Ka3 c3 64. Rg4
Kd2 65. Rd4+ Kc1 66. Rg4 Re1 67. Ka2 c2 68. Rg8 Kd2 69. Rd8+ Ke2 70. Re8+ Kf2
71. Rf8+ Kg3 72. Rg8+ Kf4 73. Rf8+ Kg5 74. Rg8+ Kf6 75. Rc8 c1=Q 0-1

[Event "11. Online Aktivschach WM"]
[Site "Schachcomputer.info"]
[Date "2015.03.05"]
[Round "7.3"]
[White "R30 V2.23, Tasc"]
[Black "Revelation Deep Sjeng 1.8"]
[Result "1-0"]
[WhiteElo "2369"]
[BlackElo "2321"]
[PlyCount "73"]

1. d4 d5 2. Nf3 c5 3. c4 e6 4. cxd5 exd5 5. Nc3 Nc6 6. g3 Be6 7. Be3 c4 8. Bg2
Bd6 9. Ng5 Nge7 10. O-O Nf5 11. Qa4 O-O 12. Nxd5 Ncxd4 13. Nxe6 fxe6 14. Bxd4
Nxd4 15. Qxc4 Be5 16. f4 exd5 17. Bxd5+ Kh8 18. fxe5 Qb6 19. e3 Nc6 20. Qc3 Nb4
21. Rxf8+ Rxf8 22. Rf1 Rd8 23. Bb3 h5 24. Rf7 Rd3 25. Qc8+ Rd8 26. Rf8+ Kh7 27.
Qxd8 Qxd8 28. Rxd8 Nc6 29. e6 a5 30. Rd7 Kg6 31. Rxb7 h4 32. gxh4 Kf6 33. Rf7+
Ke5 34. Rxg7 Kf6 35. Rf7+ Ke5 36. h5 a4 37. e7 1-0

[Event "11. Online Aktivschach WM"]
[Site "Schachcomputer.info"]
[Date "2015.03.03"]
[Round "7.4"]
[White "Revelation II Lyon"]
[Black "Revelation II Vancouver"]
[Result "1/2-1/2"]
[WhiteElo "2295"]
[BlackElo "2332"]
[PlyCount "43"]

1. d4 e6 2. Nf3 Nf6 3. c4 d5 4. Nc3 c6 5. e3 Bd6 6. Bd3 Nbd7 7. e4 dxe4 8. Nxe4
Nxe4 9. Bxe4 O-O 10. O-O h6 11. Bc2 e5 12. b4 Bxb4 13. dxe5 Nc5 {*} 14. Qe2 {*}
Qa5 15. Bb2 Rd8 16. a3 Bc3 17. Bxc3 Qxc3 18. Rfc1 Qa5 19. Rcb1 Qc3 20. Rc1 Qa5
21. Rcb1 Qc3 22. Rc1 1/2-1/2

[Event "11. Online Aktivschach WM"]
[Site "Schachcomputer.info"]
[Date "2015.03.08"]
[Round "7.5"]
[White "Risc 1MB, Mephisto"]
[Black "Risc 2500, Saitek"]
[Result "1/2-1/2"]
[WhiteElo "2259"]
[BlackElo "2241"]
[PlyCount "134"]

1. d4 Nf6 2. c4 e6 3. Nf3 b6 4. a3 Bb7 5. Nc3 d5 6. cxd5 Nxd5 7. Qc2 Nxc3 8.
Qxc3 Bd6 9. g3 O-O 10. Bg2 c5 11. dxc5 bxc5 12. Be3 Nd7 13. O-O Qc7 14. Rac1 f6
15. Rfd1 Bd5 16. Ne1 Bxg2 17. Nxg2 Be5 18. Qc2 Rab8 19. b4 Rfc8 20. f4 Bd6 21.
Qc4 Nf8 22. bxc5 Be7 23. f5 Qa5 24. Rc3 Rb5 25. Rdc1 Bxc5 26. Bxc5 Rcxc5 27.
Qxc5 Rxc5 28. Rxc5 Qxa3 29. g4 a5 30. R5c3 Qb4 31. h3 a4 32. Rc4 Qb6+ 33. e3 a3
34. fxe6 Nxe6 35. Rc6 Qb2 36. R6c2 Qb4 37. Rc4 Qd2 38. R4c2 Qa5 39. Ra2 Ng5 40.
Nf4 Qe5 41. Rxa3 Nxh3+ 42. Nxh3 Qg3+ 43. Kf1 Qxh3+ 44. Kf2 Qxg4 45. Ra8+ Kf7
46. Ra7+ Ke6 47. Ra6+ Ke7 48. Rc7+ Kd8 49. Raa7 Qh4+ 50. Kg2 Qg5+ 51. Kf2 Qf5+
52. Kg2 Qd5+ 53. Kf2 Qd2+ 54. Kf3 Qd1+ 55. Kf2 g6 56. Rxh7 Qd2+ 57. Kf3 Qd5+
58. Ke2 Qg2+ 59. Ke1 Qg3+ 60. Kd1 Qf3+ 61. Kd2 Qg2+ 62. Kd3 Qd5+ 63. Kc3 Qe5+
64. Kd2 Qb2+ 65. Kd1 Qb1+ 66. Ke2 Qc2+ 67. Kf3 Qf5+ 1/2-1/2

[Event "11. Online Aktivschach WM"]
[Site "Schachcomputer.info"]
[Date "2015.03.06"]
[Round "7.6"]
[White "R30 V2.2, Tasc"]
[Black "Genius 68030, Mephisto"]
[Result "1/2-1/2"]
[WhiteElo "2369"]
[BlackElo "2340"]
[PlyCount "124"]

1. d4 d5 2. c4 dxc4 3. Nf3 Nf6 4. e3 e6 5. Bxc4 c5 6. O-O a6 7. b3 b5 8. Be2
Bb7 9. Bb2 Nbd7 10. Nbd2 cxd4 11. Nxd4 Bd6 12. Bf3 Bxf3 13. N2xf3 Nc5 14. Rc1
O-O 15. Nc6 Qc7 16. Be5 Nce4 17. Qd3 Qd7 18. Bxd6 Qxd6 19. Qxd6 Nxd6 20. Rfd1
Nd5 21. Rd4 Nf5 22. Rd2 Nd6 23. Ng5 h6 24. e4 hxg5 25. exd5 Rfe8 26. f3 e5 27.
a4 e4 28. Rc3 exf3 29. gxf3 Re1+ 30. Kg2 bxa4 31. bxa4 g4 32. Kf2 Ra1 33. a5
gxf3 34. Kxf3 Re8 35. Rcd3 Kf8 36. Re2 Rf1+ 37. Rf2 Rb1 38. Rc2 Rb5 39. h3 Re4
40. Rf2 Rh4 41. Rfd2 Rxh3+ 42. Kg4 Rxd3 43. Rxd3 f6 44. Rd1 Nc4 45. Kf3 Nxa5
46. Nd4 Rb6 47. Rc1 g6 48. Rc7 Ke8 49. Ne6 Nb7 50. Rg7 g5 51. Kg4 Nd6 52. Nc7+
Kd8 53. Ne6+ Kc8 54. Rg8+ Kb7 55. Nc5+ Ka7 56. Rg7+ Ka8 57. Rg8+ Rb8 58. Rxb8+
Kxb8 59. Nxa6+ Kc8 60. Nc5 Kd8 61. Ne6+ Ke7 62. Nxg5 fxg5 {R.} 1/2-1/2

[Event "11. Online Aktivschach WM"]
[Site "Schachcomputer.info"]
[Date "2015.03.09"]
[Round "7.7"]
[White "CM 32 MHz Rebell 1.7, Tasc"]
[Black "CM 14 MHz King 2.54, Tasc"]
[Result "1/2-1/2"]
[WhiteElo "2200"]
[BlackElo "2340"]
[PlyCount "131"]

1. Nf3 Nc6 2. e4 e5 3. Bb5 Bc5 4. c3 Nf6 5. O-O O-O 6. d4 Bb6 7. Bg5 h6 8. Bh4
d6 9. Bxc6 bxc6 10. dxe5 dxe5 11. Nxe5 Qxd1 12. Rxd1 Nxe4 13. Nxc6 Bb7 14. Ne7+
Kh7 15. Nd2 g5 16. Nxe4 Bxe4 17. Bg3 Rad8 18. c4 f5 19. Be5 Rde8 20. c5 Bxc5
21. Rac1 Bxe7 22. Rxc7 Kg6 23. Rxa7 Rd8 24. Rc1 Rc8 25. Rac7 Rxc7 26. Rxc7 Rf7
27. Ra7 Bc5 28. Rxf7 Kxf7 29. Bc3 Bc6 30. Bd2 Ke6 31. h4 f4 32. b3 Ba3 33. hxg5
hxg5 34. g3 Kf5 35. gxf4 gxf4 36. Kf1 Be4 37. Ke2 f3+ 38. Kd1 Bb1 39. Be3 Bxa2
40. Kc2 Ke4 41. Bb6 Kd5 42. Be3 Kc6 43. Bd4 Kb5 44. Be3 Kb4 45. Bd2+ Kc5 46.
Bg5 Kc6 47. Be3 Kd5 48. Bb6 Kd6 49. Be3 Ke5 50. Ba7 Ke6 51. Bd4 Kf7 52. Bb6 Ke7
53. Ba7 Kd7 54. Bb6 Kc8 55. Bd4 Kb7 56. Be3 Ka6 57. Bd4 Ka5 58. Bc3+ Kb5 59.
Bd4 Bc5 60. Bxc5 Kxc5 61. Kb2 Kd4 62. Kxa2 Kd3 63. b4 Ke2 64. b5 Kxf2 65. b6
Kg1 66. b7 1/2-1/2

[Event "11. Online Aktivschach WM"]
[Site "Schachcomputer.info"]
[Date "2015.03.01"]
[Round "7.8"]
[White "Milano Pro, Mephisto"]
[Black "Magellan, Mephisto"]
[Result "0-1"]
[WhiteElo "2160"]
[BlackElo "2236"]
[PlyCount "107"]

1. d4 c5 2. d5 e6 3. c4 exd5 4. cxd5 Nf6 5. Nc3 d6 6. Nf3 g6 7. g3 Bg7 8. Bg2
O-O 9. O-O Nbd7 10. Bf4 Nb6 11. e4 Re8 12. Nd2 Ng4 13. Nb5 Bxb2 14. Nxd6 Bxa1
15. Qxa1 Rf8 16. Nb5 a6 17. Nc7 Ra7 18. f3 g5 19. fxg4 gxf4 20. Qe5 fxg3 21.
Qxg3 Qg5 22. Nb3 Nc4 23. Nxc5 Qe7 24. d6 Qxd6 25. Qxd6 Nxd6 26. Nd5 b6 27. Na4
Nc4 28. Rc1 b5 29. g5 Be6 30. Nac3 Kg7 31. h4 Rd7 32. Kf2 Ne5 33. Ke3 Rc8 34.
Nf4 Rdc7 35. Kd2 Nc4+ 36. Kd3 Na3 37. Nxe6+ fxe6 38. Bh3 Rd8+ 39. Ke3 Nc4+ 40.
Kf2 Ne5 41. Rc2 b4 42. Kg2 Rxc3 43. Rf2 Rd6 44. h5 Nd3 45. Rf6 Nc5 46. h6+ Kg8
47. Bg4 Rd2+ 48. Rf2 Rxf2+ 49. Kxf2 Nxe4+ 50. Kf1 Nxg5 51. Bd1 Nf3 52. Be2 a5
53. Bd1 Ra3 54. Be2 0-1

[Event "11. Online Aktivschach WM"]
[Site "Schachcomputer.info"]
[Date "2015.03.04"]
[Round "7.9"]
[White "London 68030, Mephisto"]
[Black "CM 32 MHz Gideon 3.1, Tasc"]
[Result "0-1"]
[WhiteElo "2343"]
[BlackElo "2377"]
[PlyCount "110"]

1. e4 d6 2. d4 Nf6 3. Nc3 g6 4. Nf3 Bg7 5. Be2 c6 6. h3 {Buchende Schwarz} O-O
7. O-O Qc7 8. Bf4 Nh5 {Schwarz wieder im Buch} 9. Be3 e5 10. Qd2 {wieder
Buchende} Nd7 11. a4 exd4 {Buchende Weiß!} 12. Bxd4 Nhf6 13. Ng5 h6 14. Nf3 Re8
15. Bd3 b6 16. Rfe1 Bb7 17. Be3 Kh7 18. Bf4 Nh5 19. Be2 Nxf4 20. Qxf4 Nc5 21.
Bc4 Re7 22. a5 bxa5 23. Nd2 Rae8 24. Re3 d5 25. Qxc7 Rxc7 26. exd5 Rxe3 27.
fxe3 Bxc3 28. bxc3 cxd5 29. Bf1 a4 30. c4 dxc4 31. Bxc4 f5 32. Ra3 Rd7 33. Nf3
Be4 34. Ra2 Rb7 35. Nd2 Bc6 36. g4 Rd7 37. c3 fxg4 38. hxg4 h5 39. gxh5 gxh5
40. Kf1 h4 41. Ke2 h3 42. Nf1 Rg7 43. Ke1 Rg2 44. Rf2 Bd5 45. Rf5 Bxc4 46. Rh5+
Kg6 47. Rxc5 Bxf1 48. Kxf1 Rg3 49. Rc6+ Kg5 50. Rc5+ Kg4 51. Rc4+ Kf3 52. Rc7
h2 53. Rf7+ Kxe3 54. Re7+ Kd3 55. Rd7+ Kc2 {und für Weiß aufgegeben.} 0-1

[Event "11. Online Aktivschach WM"]
[Site "Schachcomputer.info"]
[Date "2015.02.28"]
[Round "7.10"]
[White "Centurion 40 MHz, Saitek"]
[Black "Atlanta, Mephisto"]
[Result "1/2-1/2"]
[WhiteElo "2200"]
[BlackElo "2266"]
[PlyCount "39"]

1. e4 c5 2. Nc3 Nc6 3. g3 g6 4. Bg2 Bg7 5. d3 d6 6. f4 e6 7. Nf3 Nge7 {
Buchende weiss} 8. O-O O-O 9. Qe2 {Buchende schwarz} b6 10. Re1 Bb7 11. Qf2 d5
12. Nd1 d4 13. e5 Re8 14. b3 a5 15. a4 Nd5 16. Bb2 Rf8 17. Qd2 Re8 18. Qf2 Rf8
19. Qd2 Re8 20. Qf2 1/2-1/2

[Event "11. Online Aktivschach WM"]
[Site "Schachcomputer.info"]
[Date "2015.03.01"]
[Round "7.11"]
[White "Revelation Diablo"]
[Black "London 68000, Mephisto"]
[Result "0-1"]
[WhiteElo "2059"]
[BlackElo "2166"]
[PlyCount "113"]

1. d4 d5 2. Nf3 c6 3. c4 Nf6 4. g3 Bf5 5. Bg2 e6 6. Qb3 {Out of Book} b6 {Out
of Book} 7. Nc3 Bd6 8. Bg5 h6 9. Bd2 Nbd7 10. O-O O-O 11. Rfe1 Ne4 12. Nxe4
Bxe4 13. Qe3 c5 14. cxd5 exd5 15. Rac1 Qf6 16. Bc3 c4 17. b3 Ba3 18. bxc4 Bxc1
19. Rxc1 Rfe8 20. c5 Rac8 21. Qd2 Rc7 22. Bb2 Rec8 23. a4 bxc5 24. dxc5 Qc6 25.
Qd4 f6 26. Ba3 Ne5 27. Nxe5 fxe5 28. Qxe5 Bxg2 29. Kxg2 Re8 30. Qh5 Rce7 31.
Rc2 d4+ 32. Qf3 Qxa4 33. Qd3 Qc6+ 34. Kg1 Re4 35. Bb2 Qe6 36. Kf1 Rf8 37. Bxd4
Rd8 38. Rc4 Qg4 39. f3 Qh3+ 40. Kg1 Re7 41. c6 Rc8 42. Bb2 Qh5 43. e4 Rf7 44.
f4 Qb5 45. Qc2 Rfc7 46. Be5 $2 Rxc6 47. Rxc6 Rxc6 48. Qd1 Rc4 49. Qd5+ Qxd5 50.
exd5 Kf7 51. d6 g6 52. g4 Re4 53. Kf2 a5 54. Kf3 Rxe5 55. fxe5 a4 56. g5 hxg5
57. h4 {aufgegeben} 0-1